Minister's marriage manual. (Record no. 8736)

000 -LEADER
fixed length control field 00611nam a2200193 a 4500
001 - CONTROL NUMBER
control field :::00006514$&:&@@
003 - CONTROL NUMBER IDENTIFIER
control field OkBaRHE
005 - DATE AND TIME OF LATEST TRANSACTION
control field 20000607103331.0
008 - FIXED-LENGTH DATA ELEMENTS--GENERAL INFORMATION
fixed length control field s1986 j 000 0 eng u
040 ## - CATALOGING SOURCE
Transcribing agency
100 1# - MAIN ENTRY--PERSONAL NAME
Personal name Hutton, Samuel Ward, 1886- ,
245 10 - TITLE STATEMENT
Title Minister's marriage manual.
260 ## - PUBLICATION, DISTRIBUTION, ETC. (IMPRINT)
Place of publication, distribution, etc Grand Rapids, MI., :
Name of publisher, distributor, etc Baker Book House
Date of publication, distribution, etc 1986
300 ## - PHYSICAL DESCRIPTION
Extent 93 p. ;
Dimensions 18 cm.
650 ## - SUBJECT ADDED ENTRY--TOPICAL TERM
Topical term or geographic name as entry element Clergy
General subdivision United States
-- Handbooks, Manuals, etc.
650 ## - SUBJECT ADDED ENTRY--TOPICAL TERM
Topical term or geographic name as entry element Marriage Service
942 ## - ADDED ENTRY ELEMENTS (KOHA)
Source of classification or shelving scheme
Koha item type Books
Copies
Copy number Date acquired Permanent Location Not for loan Price effective from Date last seen Barcode Source of classification or shelving scheme Koha item type Lost status Damaged status Shelving location Withdrawn status Full call number
12010-04-14RHEMA Bible Training College 2010-04-142010-04-146514 Books  General Stacks BV 199 .M3H8